First report on poverty in Kenya. (Record no. 187)

MARC details
000 -LEADER
fixed length control field 01358cam a2200349 a 4500
001 - CONTROL NUMBER
control field 4993575
003 - CONTROL NUMBER IDENTIFIER
control field OSt
005 - DATE AND TIME OF LATEST TRANSACTION
control field 20230602150921.0
008 - FIXED-LENGTH DATA ELEMENTS--GENERAL INFORMATION
fixed length control field 990211s1998 ke ab bs f000 0 eng
010 ## - LIBRARY OF CONGRESS CONTROL NUMBER
LC control number 98982912
035 ## - SYSTEM CONTROL NUMBER
System control number (DLC) 98982912
040 ## - CATALOGING SOURCE
Original cataloging agency DLC
Transcribing agency DLC
Modifying agency DLC
042 ## - AUTHENTICATION CODE
Authentication code lcode
043 ## - GEOGRAPHIC AREA CODE
Geographic area code f-ke---
082 ## - DEWEY DECIMAL CLASSIFICATION NUMBER
Classification number 305.569
Item number MNPD
245 00 - TITLE STATEMENT
Title First report on poverty in Kenya.
Remainder of title Volume III : Welfare Indicators Atlas
246 30 - VARYING FORM OF TITLE
Title proper/short title Poverty in Kenya
260 ## - PUBLICATION, DISTRIBUTION, ETC. (IMPRINT)
Place of publication, distribution, etc. [Nairobi] :
Name of publisher, distributor, etc. Ministry of Planning and National Development,
Date of publication, distribution, etc. [1998]
300 ## - PHYSICAL DESCRIPTION
Extent 3 v. :
Other physical details ill., maps ;
Dimensions 30-42 cm.
500 ## - GENERAL NOTE
General note "June 1998"--Vol. 1, t.p.
500 ## - GENERAL NOTE
General note "July 1998"--Vol. 2, t.p.
500 ## - GENERAL NOTE
General note "August 1998"--Vol. 3, t.p.
500 ## - GENERAL NOTE
General note "A report presented by the Central Bureau of Statistics and the Human Resources and Social Services Department."
504 ## - BIBLIOGRAPHY, ETC. NOTE
Bibliography, etc Includes bibliographical references.
505 1# - FORMATTED CONTENTS NOTE
Formatted contents note v. 1. Incidence and depth of poverty -- v. 2. Poverty and social indicators -- v. 3. Welfare indicators atlas.
650 #0 - SUBJECT ADDED ENTRY--TOPICAL TERM
Topical term or geographic name as entry element Poverty
Geographic subdivision Kenya.
710 1# - ADDED ENTRY--CORPORATE NAME
Corporate name or jurisdiction name as entry element Kenya.
Subordinate unit Central Bureau of Statistics.
710 1# - ADDED ENTRY--CORPORATE NAME
Corporate name or jurisdiction name as entry element Kenya.
Subordinate unit Human Resources and Social Services Department.
906 ## - LOCAL DATA ELEMENT F, LDF (RLIN)
a 7
b cbc
c origode
d 2
e ncip
f 19
g y-gencatlg
942 ## - ADDED ENTRY ELEMENTS (KOHA)
Source of classification or shelving scheme Dewey Decimal Classification
Koha item type Books
Holdings
Withdrawn status Lost status Source of classification or shelving scheme Damaged status Not for loan Home library Current library Date acquired Total Checkouts Full call number Barcode Date last seen Price effective from Koha item type
    Dewey Decimal Classification     Bunge Tower Library Bunge Tower Library 06/02/2023   305.569 MNPD 10015019 06/02/2023 06/02/2023 Books
LIBRARY OPENING HOURS

When the Parliament is sitting: 8.00a.m - 7.00p.m or until the house adjourns
Mondays and Fridays and when the House is on Recess:  8.00a.m - 5.00p.m
Closed on Weekends and Public Holidays

Online Public Access Catalog (OPAC)
Website: http://www.parliament.go.ke
Bunge Library: https://libraryir.parliament.go.ke
Contact: library@parliament.go.ke | Tel no: (254-2)2221291 or 2848000 Ext 5043